Rafael Botí (Registro nro. 184761)

Detalles MARC
000 -LEADER
campo de control de longitud fija 01067nam a2200265 i 4500
001 - NÚMERO DE CONTROL
campo de control 184761
003 - IDENTIFICADOR DE NÚMERO DE CONTROL
campo de control ES-MaACL
005 - FECHA Y HORA DE LA ÚLTIMA TRANSACCIÓN
campo de control 20231117104225.0
008 - DATOS DE LONGITUD FIJA--INFORMACIÓN GENERAL
campo de control de longitud fija 151202s2005 sp aco c |||| |bspa d
020 ## - NÚMERO INTERNACIONAL ESTÁNDAR DEL LIBRO
Número Internacional Estándar del Libro 84-934640-0-7
080 ## - NÚMERO DE LA CLASIFICACIÓN DECIMAL UNIVERSAL
Número de la Clasificación Decimal Universal 929 Botí, Rafael
080 ## - NÚMERO DE LA CLASIFICACIÓN DECIMAL UNIVERSAL
Número de la Clasificación Decimal Universal 75 Botí, Rafael
100 1# - ENTRADA PRINCIPAL--NOMBRE DE PERSONA
Nombre de persona Botí, Rafael.
9 (RLIN) 30779
245 10 - MENCIÓN DEL TÍTULO
Título Rafael Botí
Resto del título : (Córdoba, 1900-Madrid, 1995) /
Mención de responsabilidad, etc. [diseño y coordinación, Rafael Botí Torres].
260 ## - PUBLICACIÓN, DISTRIBUCIÓN, ETC.
Lugar de publicación, distribución, etc. [Madrid] :
Nombre del editor, distribuidor, etc. Fernando Villaverde,
Fecha de publicación, distribución, etc. [2005]
300 ## - DESCRIPCIÓN FÍSICA
Extensión 329 p., [2] p. de lám. col. :
Otras características físicas il. col. y n., fot. ;
Dimensiones 30 x 24 cm.
500 ## - NOTA GENERAL
Nota general Cronología: p. 319-328.
505 8# - NOTA DE CONTENIDO CON FORMATO
Nota de contenido con formato Contiene: Fot. de la exposición de Rafael Botí celebrada en el Ateneo de Madrid en 1978 ;
Título Trayectoria de Rafael Botí /
Mención de responsabilidad Jaime Brihuega. --
Título 100 miradas sobre Rafael Botí
600 17 - PUNTO DE ACCESO ADICIONAL DE MATERIA--NOMBRE DE PERSONA
Nombre de persona Botí, Rafael.
9 (RLIN) 30779
700 1# - ENTRADA AGREGADA--NOMBRE PERSONAL
Nombre de persona Botí Torres, Rafael.
9 (RLIN) 158283
700 1# - ENTRADA AGREGADA--NOMBRE PERSONAL
Nombre de persona Brihuega, Jaime.
9 (RLIN) 31733
852 1# - LOCALIZACIÓN
Ubicación ES-MaACL
Número de control de estantería A-13450
itemnumber 191774
Sublocalización o colección R.150706
Ubicación en estantería Depósito 1
Signatura antigua Olim: N-6450
942 ## - ELEMENTOS DE ENTRADA SECUNDARIOS (KOHA)
Fuente del sistema de clasificación o colocación Clasificación decimal universal
Tipo de ítem Koha Libro impreso
Existencias
Estatus retirado Estado de pérdida Fuente del sistema de clasificación o colocación Estado de daño No para préstamo Biblioteca de origen Biblioteca actual Ubicación en estantería Fecha de adquisición Fuente de adquisición Total de préstamos Signatura topográfica completa Código de barras Visto por última vez Precio de reemplazo Tipo de ítem Koha
    Clasificación decimal universal     Biblioteca del Ateneo de Madrid Biblioteca del Ateneo de Madrid Depósito 1 02/12/2015 Donación   A-13450 1194545 23/02/2023 23/02/2023 Libro impreso